000 01233nam a2200253Ia 4500
999 _c40447
_d40447
001 7056
003 GE_BSU
005 20231002170840.0
008 181216s2012||||ge |||||||||||||| ||geo||
020 _a9789941198199 (2ტ)
040 _cGE_BSU
041 _ageo
080 _a821.353.1-31 გ-19
100 _aგამსახურდია, კონსტანტინე
_919974
245 _aმთვარის მოტაცება ტრილოგია კარი 1 : რომანი :
_bტ. 2 პროზა /
_cკონსტანტინე გამსახურდია ; სარედ. ჯგუფი : ზურაბ აბაშიძე, მანანა ჯანელიძე, ირმა ხარშილაძე ; გარეკანის დიზაინერი ეთერ გზირიშვილი.
264 _aთბილისი :
_bპალიტრა L,
_c2012.
300 _a344 გვ. ;
_c19 სმ.
490 _aჩემი რჩეული
_vISSN 2233-3037
541 _h8ლ.
653 _aმთვარის მოტაცება
653 _aრომანი
653 _aტრილოგია
942 _cBK
_2udc